LEADER 01410nam0 2200301 i 450 001 SUN0054829 005 20180925112952.84 010 $a978-08-218-2819-9$d0.00 010 $a08-218-2819-3 100 $a20061025d2001 |0engc50 ba 101 $aeng 102 $aUS 105 $a|||| ||||| 200 1 $a*Topics in nonlinear functional analysis$fLouis Nirenberg 210 $aProvidence$cAmerican mathematical society$d2001 215 $aXII, 145 p.$cill.$d26 cm. 410 1$1001SUN0050812$12001 $aCourant lecture notes in mathematics$v6$1210 $aProvidence$cAmerican mathematical society$d1997-. 606 $a46-XX$xFunctional analysis [MSC 2020]$2MF$3SUNC019764 620 $aUS$dProvidence$3SUNL000273 700 1$aNirenberg$b, Louis$3SUNV043341$054740 712 $aAmerican mathematical society$3SUNV001080$4650 801 $aIT$bSOL$c20200720$gRICA 856 4 $uhttps://books.google.it/books?id=nL8jDwAAQBAJ&printsec=frontcover&hl=it 912 $aSUN0054829 950 $aUFFICIO DI BIBLIOTECA DEL DIPARTIMENTO DI MATEMATICA E FISICA$d08PREST 46-XX 3038 $e08 5897 I a 20061025 950 $aUFFICIO DI BIBLIOTECA DEL DIPARTIMENTO DI MATEMATICA E FISICA$d08PREST 46-XX 3038 $e08VS 4398 I b 20061027 996 $aTopics in Nonlinear Functional Analysis$9341365 997 $aUNICAMPANIA LEADER 01198nam a2200289 i 4500 001 991003140829707536 005 20230510105207.0 008 080108s2005 enk|||||||||||||||||eng d 020 $a9780521840859 035 $ab13636558-39ule_inst 040 $aISUFI - Sett. Patrimonio Culturale$bita 082 04$a302.015195 100 1 $aDoreian, Patrick$0125122 245 10$aGeneralized Blockmodeling /$cPatrick Doreian, Vladimir Batagelj, Anuska Ferligoj 260 $aCambridge :$bCambridge University Press,$c2005 300 $axv, 384 p. :$bill. ;$c24 cm 440 0$aStructural Analysis in the Social Sciences ;$v25 504 $aInclude rif. bibl. e Indice 650 0$aSociologia 700 1 $aBatagelj, Vladimir$eauthor$4http://id.loc.gov/vocabulary/relators/aut$0614450 700 1 $aFerligoj, Anuska$eauthor$4http://id.loc.gov/vocabulary/relators/aut$0738917 907 $a.b13636558$b28-03-22$c08-01-08 912 $a991003140829707536 945 $aLE016 302.015195 DOR 01.01$g1$i2016000072945$lle016$op$pE66.02$q-$rn$so$t0$u0$v0$w0$x0$y.i14684408$z03-03-08 996 $aGeneralized Blockmodeling$91463781 997 $aUNISALENTO 998 $ale016$b08-01-08$cm$da$en$feng$genk$h0$i0